О возможности изотопного анализа по рамановскому рассеянию растворенного в воде углекислого газа; Известия вузов. Физика; Т. 53, № 11

Dettagli Bibliografici
Parent link:Известия вузов. Физика: научный журнал/ Национальный исследовательский Томский государственный университет (ТГУ).— , 1957-
Т. 53, № 11.— 2010.— [С. 172-176]
Altri autori: Мышкин В. Ф. Вячеслав Фёдорович, Хан В. А. Валерий Алексеевич, Борисов В. А. Валентин Александрович, Гамов Д. Л. Денис Леонидович, Хромяк М. И. Михаил Иванович, Беспала Е. В. Евгений Владимирович
Riassunto:Заглавие с экрана
Рассмотрены условия формирования величины потока комбинационного рассеяния от разных изотопных модификаций от растворенных в воде молекул оксида углерода. Показано, что при этом увеличивается поток СКР. Приводятся экспериментальные данны
Режим доступа: по договору с организацией-держателем ресурса
Lingua:russo
Pubblicazione: 2010
Soggetti:
Accesso online:http://elibrary.ru/item.asp?id=15594290
Natura: MixedMaterials Elettronico Capitolo di libro
KOHA link:https://koha.lib.tpu.ru/cgi-bin/koha/opac-detail.pl?biblionumber=636888

MARC

LEADER 00000nla0a2200000 4500
001 636888
005 20250408092524.0
035 |a (RuTPU)RU\TPU\network\947 
035 |a RU\TPU\network\946 
090 |a 636888 
100 |a 20140408d2010 k||y0rusy50 ca 
101 0 |a rus 
102 |a RU 
135 |a drcn ---uucaa 
181 0 |a i  
182 0 |a b 
200 1 |a О возможности изотопного анализа по рамановскому рассеянию растворенного в воде углекислого газа  |f В. Ф. Мышкин [и др.] 
203 |a Текст  |c электронный 
300 |a Заглавие с экрана 
320 |a [Библиогр.: с. 176 (10 назв.)] 
330 |a Рассмотрены условия формирования величины потока комбинационного рассеяния от разных изотопных модификаций от растворенных в воде молекул оксида углерода. Показано, что при этом увеличивается поток СКР. Приводятся экспериментальные данны 
333 |a Режим доступа: по договору с организацией-держателем ресурса 
461 |t Известия вузов. Физика  |o научный журнал  |f Национальный исследовательский Томский государственный университет (ТГУ)  |d 1957- 
463 |t Т. 53, № 11  |v [С. 172-176]  |d 2010 
610 1 |a электронный ресурс 
610 1 |a труды учёных ТПУ 
610 1 |a изотопы 
610 1 |a комбинационное рассеяние 
610 1 |a оксиды углерода 
610 1 |a углекислый газ 
610 1 |a изотопный анализ 
701 1 |a Мышкин  |b В. Ф.  |c физик  |c профессор Томского политехнического университета, доктор физико-математических наук  |f 1962-  |g Вячеслав Фёдорович  |3 (RuTPU)RU\TPU\pers\26858  |9 12476 
701 1 |a Хан  |b В. А.  |c физик  |c доцент Томского политехнического университета, доктор технических наук  |f 1952-  |g Валерий Алексеевич  |3 (RuTPU)RU\TPU\pers\31144  |9 15340 
701 1 |a Борисов  |b В. А.  |c специалист в области военного дела  |c Заместитель начальника военной кафедры Томского политехнического университета  |f 1957-  |g Валентин Александрович  |3 (RuTPU)RU\TPU\pers\32128 
701 1 |a Гамов  |b Д. Л.  |g Денис Леонидович 
701 1 |a Хромяк  |b М. И.  |g Михаил Иванович 
701 1 |a Беспала  |b Е. В.  |c инженер-физик  |c доцент Томского политехнического университета, кандидат физико-математических наук  |f 1990-  |g Евгений Владимирович  |9 23116 
801 2 |a RU  |b 63413507  |c 20150421  |g RCR 
856 4 |u http://elibrary.ru/item.asp?id=15594290 
942 |c CF